Krtek kamarád /
Veselé veršované příběhy o krtkovi a jeho kamarádech: myšce, žabce, ježkovi a zajíčkovi.
Uloženo v:
| Hlavní autor: | |
|---|---|
| Další autoři: | |
| Médium: | Kniha |
| Jazyk: | Czech |
| Vydáno: |
Praha :
Euromedia Group,
2024
|
| Vydání: | Vydání páté |
| Edice: | Pikola (Euromedia)
|
| Témata: | |
| Celkem bylo vypůjčeno: | 0x |
| Tagy: |
Žádné tagy |
| LEADER | 01865nam a2200457 i 4500 | ||
|---|---|---|---|
| 001 | 106680 | ||
| 003 | CZ PrNK | ||
| 005 | 20260630144932.0 | ||
| 007 | ta | ||
| 008 | 240319s2024 xr a a 000 p cze | ||
| 015 | |a cnb003575229 | ||
| 020 | |a 9788024296449 |q (vázáno) | ||
| 040 | |a ABG001 |b cze |e rda | ||
| 072 | 7 | |a 821.162.3-1 |x Česká poezie |2 Konspekt |9 25 | |
| 072 | 7 | |a 821-93 |x Literatura pro děti a mládež (beletrie) |2 Konspekt |9 26 | |
| 080 | |a 821.162.3-1 |2 MRF | ||
| 080 | |a 821-93 |2 MRF | ||
| 080 | |a (0:82-1) |2 MRF | ||
| 100 | 1 | |a Miler, Zdeněk, |d 1921-2011 |7 jk01081695 |4 aut |9 18665 |4 ill | |
| 245 | 1 | 0 | |a Krtek kamarád / |c Zdeněk Miler, Jiří Žáček |
| 250 | |a Vydání páté | ||
| 264 | 1 | |a Praha : |b Euromedia Group, |c 2024 | |
| 300 | |a 29 stran : |b barevné ilustrace ; |c 25 cm | ||
| 336 | |a text |b txt |2 rdacontent | ||
| 336 | |a statický obraz |b sti |2 rdacontent | ||
| 337 | |a bez média |b n |2 rdamedia | ||
| 338 | |a svazek |b nc |2 rdacarrier | ||
| 490 | 1 | |a Pikola | |
| 500 | |a "Námět a ilustrace Zdeněk Miler, verše Jiří Žáček"--Tiráž | ||
| 520 | 2 | |a Veselé veršované příběhy o krtkovi a jeho kamarádech: myšce, žabce, ježkovi a zajíčkovi. |b Krátké básničky k původním kresbám o krtkovi malíři či rybáři, o gratulantech a loudavém šnekovi či společném sběru třešní nebo hub. | |
| 521 | 8 | |a Pro děti od 3 let | |
| 655 | 7 | |a česká poezie |7 fd133958 |2 czenas |9 54025 | |
| 655 | 7 | |a publikace pro děti |7 fd133156 |2 czenas |9 23 | |
| 655 | 9 | |a Czech poetry |2 eczenas | |
| 655 | 9 | |a children's literature |2 eczenas | |
| 700 | 1 | |a Žáček, Jiří, |d 1945- |7 jk01152946 |4 aut |9 25166 | |
| 830 | 0 | |a Pikola (Euromedia) | |
| 910 | |a UOG502 | ||
| 942 | |2 ddc |c KN | ||
| 999 | |d 106680 | ||
| 993 | |0 0 |1 421180107405 |2 ddc |4 0 |6 M |7 0 |9 100183 |b 0 |c 107405 |d 2026-06-30 |e 0 |f M |g M |h 169.00 |i Koupě |l M |r 2026-06-30 |t 8 |w 2026-06-30 |y KN |z POEZIE |n | ||